Language Quiz

Random Language Quiz

Only I Words Quiz Stats

 Plays Quiz not verified by Sporcle

Challenge
Share
Tweet
Embed
Score 0/37 Timer 07:00
0 Plays Today
Clue Answer % Correct
Revealing bit of swimwearBikini
95.9%
Mode of transportation at an Aspen resort, perhapsSki lift
80.8%
It's used to check how much oil your car hasDipstick
79.5%
Time of Paul Revere's rideMidnight
79.5%
Chess pieceKnight
78.1%
Team Edward v. Team Jacob seriesTwilight
76.7%
Chain restaurant known for its baby-back ribsChili's
76.7%
Eating outdoorsPicnic
75.3%
Another term for a romantic movieChick flick
74%
Roger ****, for oneFilm critic
74%
Oscar-nominated Ali portrayerWill Smith
72.6%
Nickname for an American footballPigskin
69.9%
Helsinki nativeFinn
69.9%
The end.Finish
69.9%
20th US StateMississippi
68.5%
Pacific island nationFiji
68.5%
Small bird; or, a New ZealanderKiwi
67.1%
Fried seafood, popular with little kidsFishsticks
65.8%
Proof of firing; also a car ownership documentPink slip
58.9%
Clue Answer % Correct
Nonfat dairy productSkim milk
54.8%
Meaty snack once endorsed by 'Macho Man' Randy SavageSlim Jim
53.4%
MS Word font full of symbolsWingdings
50.7%
#1 song by The Troggs, or Rick Vaughn's nickname in 'Major League'Wild Thing
50.7%
_____ Fair (all-female music festival)Lilith
43.8%
Particularly noteworthy moment, commonly seen on ESPNHighlight
42.5%
'Enemies' with whom Don Quixote famously joustedWindmills
42.5%
Tampa Bay's NHL clubLightning
42.5%
Term for a person who might escape the country before trialFlight risk
38.4%
Person who believes life has no meaning; or, Peter Stormare in 'The Big Lebowski'Nihilist
38.4%
Popular cocoa brandSwiss Miss
37%
One of the members of the Fellowship of the RingGimli
31.5%
Separating liquids through boilingDistilling
30.1%
Another one of the members of the FellowshipPippin
27.4%
Soap brand with a scent called 'Ulster Fragrance'Irish Spring
26%
Capital of GeorgiaTbilisi
23.3%
1/20 of a pound sterling (pre-decimalization)Shilling
20.5%
'A priori' knowledge; inherent manner of behaviorInstinct
17.8%

You're not logged in!

Compare scores with friends on all Sporcle quizzes.
Join for Free
OR
Log In

You Might Also Like...

Show Comments

Extras

Created Sep 6, 2010ReportNominate

Top Quizzes Today


Score Distribution

Your Account Isn't Verified!

In order to create a playlist on Sporcle, you need to verify the email address you used during registration. Go to your Sporcle Settings to finish the process.

Report this User

Report this user for behavior that violates our Community Guidelines.

Details: